| 000 | 01751cam a22004214a 4500 | ||
|---|---|---|---|
| 001 | 16662120 | ||
| 003 | OSt | ||
| 005 | 20150408114017.0 | ||
| 008 | 110222r20112007enka b 001 0 eng | ||
| 010 | _a 2010537652 | ||
| 015 |
_aGBB0B3790 _2bnb |
||
| 016 | 7 |
_a015654235 _2Uk |
|
| 020 | _a9780521184762 (pbk.) | ||
| 020 | _a0521184762 (pbk.) | ||
| 035 | _a(OCoLC)ocn665137499 | ||
| 040 |
_aUKM _cUKM _dYDXCP _dUNA _dDLC |
||
| 042 | _alccopycat | ||
| 050 | 0 | 0 |
_aQA613.2 _b.K76 2011 |
| 082 | 0 | 4 |
_a514.34 _222 |
| 100 | 1 |
_aKronheimer, P. B. _914479 |
|
| 245 | 1 | 0 |
_aMonopoles and three-manifolds / _cPeter Kronheimer, Tomasz Mrowka. |
| 250 | _a1st pbk. ed. | ||
| 260 |
_aCambridge, UK ; _aNew York : _bCambridge University Press, _c2011. |
||
| 300 |
_axii, 796 p. : _bill. ; _c23 cm. |
||
| 490 | 1 |
_aNew mathematical monographs ; _v10 |
|
| 500 | _aOriginally published: 2007. | ||
| 504 | _aIncludes bibliographical references (p. 779-784) and index. | ||
| 505 | 0 | _aOutlines -- The Seiberg-Witten equations and compactness -- Hilbert manifolds and perturbations -- Moduli spaces and transversality -- Compactness and gluing -- Floer homology -- Cobordisms and invariance -- Non-exact perturbations -- Calculations -- Further developments. | |
| 520 | _aThis work provides a comprehensive treatment of Floer homology, based on the Seiberg-Witten monopole equations. | ||
| 650 | 0 |
_aThree-manifolds (Topology) _914480 |
|
| 650 | 0 |
_aHomology theory. _914481 |
|
| 650 | 0 |
_aSeiberg-Witten invariants. _914482 |
|
| 650 | 0 |
_aModuli theory. _914483 |
|
| 700 | 1 |
_aMrowka, Tomasz. _914484 |
|
| 830 | 0 |
_aNew mathematical monographs ; _v10. _914485 |
|
| 942 |
_2ddc _cBOOK |
||
| 999 |
_c21713 _d256213 |
||